000 00206nam a2200097Ia 4500
008 240331s9999 xx 000 0 und d
082 _bUYA
100 _aUyangoda,J
245 4 _aThe value of peace
942 _cL
999 _c5001
_d5001